| 000 | 01224nam0a22002891 4500 | ||
|---|---|---|---|
| 001 | rc\4491573 | ||
| 005 | 20130416172426.3 | ||
| 021 |
_aRU _b[66-25063] |
||
| 035 | _a(NLR Aleph) 008608791 | ||
| 090 |
_a8750502 _c8750502 |
||
| 100 | _a20130416d1966 |||y0rusy50 ca | ||
| 101 | 0 | _arus | |
| 102 | _aRU | ||
| 105 | _ay z ||||| | ||
| 200 | 1 |
_aТехнический уровень, надежность и качество продукции _e(Метод. пособие) _fЛенингр. инж.-экон. ин-т им. Пальмиро Тольятти. О-во "Знание" РСФСР. Ленингр. организация |
|
| 210 |
_aЛенинград _cБ. и. _d1966 |
||
| 215 |
_a44 с. _cграф. _d20 |
||
| 300 | _aПеред загл. авт.: д-р экон. наук проф. А.С. Консон | ||
| 320 | _aБиблиогр. в конце книги (19 назв.) | ||
| 333 | _aНа правах рукописи | ||
| 606 |
_aМашиностроительная продукция _xКачество _2psbo |
||
| 700 | 1 |
_aКонсон _bА. С. _gАрон Соломонович |
|
| 801 | 0 |
_aRU _bNLR _gpsbo |
|
| 801 | 1 |
_aRU _bELAR _2rusmarc |
|
| 852 |
_aNLR _j66-4/5424 |
||
| 942 | _cBOOK | ||
| 980 | _aNB | ||